Kuchnia włoska - Statystyki

Ogólne statystyki
  • Ten quiz został rozwiązany 66 razy
  • Średni wynik to 5 z 11
Statystyki odpowiedzi
Pytanie Odpowieź % Poprawnych
Ulubiona potrawa Włochów Pizza
98%
Ulubiona kawa Espresso
77%
Twardy długodojrzewający ser Parmezan
77%
Po włosku makaron Pasta
73%
Pomarańczowe rosną na drzewach Mandarynki| Pomarańcze
58%
Długodojrzewająca szynka Prosciutto
56%
Po włosku piwo Birra
27%
Śniadanie po włosku Colazione
27%
Makaron o kształcie motyli Farfalle
25%
Ciasto włoskie na Wielkanoc Panettone
15%
Na śniadanie do kawy Ciastko
6%
Nie znaleziono quizów pasujących do podanych kryteriów
Rozkład punktacji
Procent ludzi z każdym wynikiem
Percentyl według liczby udzielonych odpowiedzi
Twoja historia wyników
Nie rozwiązałeś tego quizu